| 000 | 00610nam a2200181Ia 4500 | ||
|---|---|---|---|
| 003 | GCL | ||
| 008 | 140319s9999 xx 000 0 ara d | ||
| 040 |
_aGCL / _cGCL |
||
| 082 | 0 | 4 |
_a150 _bن ا |
| 100 | 1 | _aنادية محمد عبدالسلام | |
| 245 | 1 | 0 |
_aالاحصاء الوصفى فى العلوم النفسية والتربوية / _cنادية محمد عبدالسلام |
| 300 | _a168 ص | ||
| 490 | _a | ||
| 650 | 0 | 4 | _aالاحصاء الوصفى |
| 650 | 0 | 4 | _aالتعليم - الطرق الاحصائيه |
| 650 | 0 | 4 | _aعلم النفس - الطرق الاحصائية |
| 942 |
_2ddc _cBK |
||
| 999 |
_c41640 _d41640 |
||